| 000 | 00724nam a2200133Ia 4500 | ||
|---|---|---|---|
| 008 | 150609s9999 xx 000 0 und d | ||
| 050 |
_aQP 501 _b.Ag264 2015 |
||
| 100 | _aAgdon, Graf. | ||
| 245 | 2 |
_aA comparative analysis of antimycotic activity of ocimum basilicum l. (sweet basil) and plumeria obtusa l. (kalachuchi) methanol leaf extract against miconazole in inhibiting the growth of trichophyton mentagrophytes / _c Graf Agdon, Ma. Samantha Alayon, Felix John Paul Barqueros, Ma. Conita Orteza, Mary Rose Pastrana . |
|
| 260 |
_aLas PiƱas, Philippines : _bSISC, _c2015. |
||
| 300 |
_a87 pages : _bcolor illustrations ; _c28 cm. |
||
| 500 | _aIncludes bibliographical references and appendices. | ||
| 650 | _aMiconazole | ||
| 999 |
_c285028 _d285028 |
||